[Event "Panama City Criollo op"]
[Site "Panama City"]
[Date "2024.11.04"]
[Round "4"]
[White "Aizpurua, Patrick Emilio"]
[Black "Mendez Machado, Andre"]
[Result "0-1"]
[WhiteElo "2324"]
[BlackElo "2079"]
[PlyCount "124"]
[EventDate "2024.11.02"]
[EventType "swiss"]
[EventRounds "6"]
[EventCountry "PAN"]
[SourceTitle "CB45_2024"]
[Source "ChessBase"]
[SourceDate "2024.11.06"]
[SourceVersion "1"]
[SourceVersionDate "2024.11.06"]
[SourceQuality "1"]

1. d4 Nf6 2. c4 e6 3. g3 d5 4. Bg2 Be7 5. Nf3 0-0 6. Qc2 a6 7. a4 dxc4 8. Qxc4 Nc6 9. 0-0 h6 10. Nc3 Nb4 11. Bf4 c6 12. a5 Nfd5 13. Bd2 b5 14. axb6 Nxb6 15. Qb3 a5 16. Rfc1 Bb7 17. Ne4 Qd5 18. Qxd5 cxd5 19. Nc5 Bxc5 20. Rxc5 Nc4 21. Rc7 Ba6 22. Bc3 Nc2 23. Rc1 Nb4 24. Ra1 Nc2 25. Rd1 Rfc8 26. Rxc8+ Rxc8 27. Bf1 Bb5 28. Rc1 Nb4 29. Be1 Nd6 30. Ra1 Nc2 31. Rxa5 Nxe1 32. Nxe1 Rc1 33. Nd3 Bxd3 34. exd3 Rb1 35. Ra8+ Kh7 36. Rb8 Nf5 37. Rb4 Kg6 38. Kg2 Ne7 39. Rb6 Nf5 40. g4 Nxd4 41. h4 Kf6 42. f4 Ke7 43. Kf2 Rc1 44. b4 Kf6 45. Rb7 h5 46. gxh5 Rc2+ 47. Ke3 Nf5+ 48. Kf3 Nxh4+ 49. Kg3 Nf5+ 50. Kf3 Rb2 51. Rb8 Nd4+ 52. Kg3 Nf5+ 53. Kh3 Ne3 54. Kg3 Nxf1+ 55. Kf3 Nd2+ 56. Ke3 Nb3 57. b5 d4+ 58. Kf3 Nc5 59. Rb6 Rb3 60. Ke2 Nxd3 61. Rb8 Nxf4+ 62. Kd2 Nd5 0-1

[Event "Panama City Criollo op"]
[Site "Panama City"]
[Date "2024.11.03"]
[Round "2"]
[White "Aizpurua, Patrick Emilio"]
[Black "Tuesta, Henry"]
[Result "1-0"]
[WhiteElo "2324"]
[BlackElo "1879"]
[PlyCount "61"]
[EventDate "2024.11.02"]
[EventType "swiss"]
[EventRounds "6"]
[EventCountry "PAN"]
[SourceTitle "CB45_2024"]
[Source "ChessBase"]
[SourceDate "2024.11.06"]
[SourceVersion "1"]
[SourceVersionDate "2024.11.06"]
[SourceQuality "1"]

1. d4 e6 2. c4 d5 3. Nf3 Nf6 4. g3 Be7 5. Bg2 0-0 6. 0-0 c6 7. Qc2 Ne4 8. Rd1 Bd6 9. Ne1 f5 10. Nd3 Qf6 11. e3 h5 12. Nd2 h4 13. Nf3 hxg3 14. hxg3 Bd7 15. Qb3 b6 16. Bd2 Nxd2 17. Rxd2 Be8 18. Nfe5 Bf7 19. a4 Be8 20. cxd5 cxd5 21. Bxd5 exd5 22. Qxd5+ Kh7 23. Qxa8 a6 24. Qh1+ Kg8 25. Qd5+ Kh7 26. f3 g6 27. Rh2+ Kg7 28. Nf4 Bxe5 29. Ne6+ Kg8 30. Nxf8+ Kxf8 31. dxe5 1-0

[Event "NATO-ch 34th"]
[Site "Rhodes"]
[Date "2024.10.24"]
[Round "5"]
[White "Nielsen, Jan Mose"]
[Black "Aizpurua, Patrick Emilio"]
[Result "0-1"]
[WhiteElo "2036"]
[BlackElo "2322"]
[PlyCount "34"]
[EventDate "2024.10.21"]
[EventType "swiss"]
[EventRounds "7"]
[EventCountry "GRE"]
[SourceTitle "CB44_2024"]
[Source "Chessbase"]
[SourceDate "2024.10.30"]
[SourceVersion "1"]
[SourceVersionDate "2024.10.30"]
[SourceQuality "1"]

1. d4 Nf6 2. c4 e6 3. Nc3 d5 4. Nf3 dxc4 5. e4 b5 6. Nxb5 Nxe4 7. Nc3 Nd6 8. Bf4 Ba6 9. d5 Be7 10. dxe6 0-0 11. exf7+ Rxf7 12. Be2 Nd7 13. Be3 Nf5 14. Qd5 Nxe3 15. fxe3 Nb6 16. Qe4 Qe8 17. Ne5 Bf6 0-1

[Event "BL2-Sued 2324"]
[Site "Germany"]
[Date "2023.12.02"]
[Round "3.5"]
[White "Aizpurua, Patrick Emilio"]
[Black "Neuman, Petr"]
[Result "1-0"]
[WhiteElo "2315"]
[BlackElo "2384"]
[PlyCount "53"]
[EventDate "2023.10.21"]
[EventType "team-tourn"]
[EventRounds "10"]
[EventCountry "GER"]
[SourceTitle "EXT 2025"]
[Source "ChessBase"]
[SourceDate "2024.10.14"]
[SourceVersion "1"]
[SourceVersionDate "2024.10.14"]
[SourceQuality "1"]
[WhiteTeam "Viernheim II"]
[BlackTeam "Bad Mergentheim"]
[WhiteTeamCountry "GER"]
[BlackTeamCountry "GER"]

1. d4 d5 2. Nf3 Nf6 3. c4 c6 4. Nc3 a6 5. cxd5 cxd5 6. Bf4 Nc6 7. Ne5 e6 8. Rc1 Nxe5 9. dxe5 Ne4 10. Nxe4 dxe4 11. Qxd8+ Kxd8 12. g3 Bb4+ 13. Bd2 Bxd2+ 14. Kxd2 f5 15. exf6 gxf6 16. Bg2 f5 17. Rhd1 Ke7 18. Rc7+ Kf6 19. Ke3 Rb8 20. f3 exf3 21. exf3 h5 22. f4 a5 23. Bf3 b5 24. Ra7 a4 25. Rc1 Rd8 26. Bxh5 e5 27. Rc6+ 1-0

[Event "NATO-ch 33rd"]
[Site "Portoroz"]
[Date "2023.09.06"]
[Round "4"]
[White "Aizpurua, Patrick Emilio"]
[Black "Pavlidou, Ekaterini"]
[Result "1-0"]
[WhiteElo "2304"]
[BlackElo "2088"]
[PlyCount "65"]
[EventDate "2023.09.04"]
[EventType "swiss"]
[EventRounds "7"]
[EventCountry "SLO"]
[SourceTitle "CBM 216 Extra"]
[Source "ChessBase"]
[SourceDate "2023.11.30"]
[SourceVersion "1"]
[SourceVersionDate "2023.11.30"]
[SourceQuality "1"]

1. d4 Nf6 2. c4 e6 3. Nc3 Bb4 4. e3 0-0 5. Bd3 d5 6. Nf3 c5 7. 0-0 b6 8. cxd5 exd5 9. Ne5 Bb7 10. Qf3 Bxc3 11. bxc3 Ne4 12. Qh3 Bc8 13. Qh5 f6 14. f3 fxe5 15. fxe4 Rxf1+ 16. Bxf1 dxe4 17. Qxe5 Bb7 18. c4 Nd7 19. Qe6+ Kh8 20. Bb2 Nf8 21. Qg4 Qe7 22. d5 Rd8 23. h4 Bc8 24. Qg3 h6 25. a4 Kh7 26. Be2 Ng6 27. h5 Nh4 28. Rf1 Qg5 29. Qxg5 hxg5 30. Rf7 Rd7 31. Rf8 Ba6 32. Bg4 Rb7 33. d6 1-0

[Event "NATO-ch 33rd"]
[Site "Portoroz"]
[Date "2023.09.05"]
[Round "2"]
[White "Aizpurua, Patrick Emilio"]
[Black "Frontini, Yuri Diego"]
[Result "1-0"]
[WhiteElo "2304"]
[BlackElo "2050"]
[PlyCount "75"]
[EventDate "2023.09.04"]
[EventType "swiss"]
[EventRounds "7"]
[EventCountry "SLO"]
[SourceTitle "CBM 216 Extra"]
[Source "ChessBase"]
[SourceDate "2023.11.30"]
[SourceVersion "1"]
[SourceVersionDate "2023.11.30"]
[SourceQuality "1"]

1. Nf3 d5 2. c4 c6 3. e3 Nf6 4. Nc3 e6 5. d4 Nbd7 6. Bd3 dxc4 7. Bxc4 b5 8. Bd3 Bd6 9. Qc2 Bb7 10. Ne4 Nxe4 11. Bxe4 Rc8 12. Bd2 Qe7 13. Rc1 Nf6 14. Bd3 0-0 15. e4 e5 16. dxe5 Bxe5 17. Nxe5 Qxe5 18. Bc3 Qg5 19. 0-0 c5 20. Bxf6 Qxf6 21. Bxb5 Qd4 22. Rfe1 a6 23. Rcd1 Qb4 24. Bc4 Rcd8 25. a3 Qb6 26. Rd3 Rd4 27. Rxd4 cxd4 28. Qd2 Rc8 29. Bd3 a5 30. h3 h6 31. Qe2 a4 32. Qd2 Qb3 33. Bb1 Rd8 34. Rc1 d3 35. Rc3 Qb6 36. Rxd3 Rxd3 37. Bxd3 Qd4 38. Qc3 1-0

[Event "Titled Tuesday intern op 18th Apr Early"]
[Site "Chess.com INT"]
[Date "2023.04.18"]
[Round "1"]
[White "Necula, Iulian"]
[Black "Aizpurua, Patrick Emilio"]
[Result "0-1"]
[WhiteElo "1851"]
[BlackElo "2304"]
[PlyCount "136"]
[EventDate "2023.04.18"]
[EventType "swiss (blitz)"]
[EventRounds "11"]
[EventCountry "USA"]
[SourceTitle "EXT 2024"]
[Source "ChessBase"]
[SourceDate "2023.10.10"]
[SourceVersion "1"]
[SourceVersionDate "2023.10.10"]
[SourceQuality "1"]

1. d4 Nf6 2. Nc3 d5 3. Bf4 c6 4. e3 Bf5 5. Nf3 e6 6. Ne5 Nbd7 7. a3 h6 8. Bd3 Bxd3 9. cxd3 Qb6 10. Qc2 Rc8 11. 0-0 Be7 12. b4 Qa6 13. Qd2 Nxe5 14. dxe5 Nd7 15. d4 Nb6 16. Qe2 Nc4 17. e4 0-0 18. exd5 cxd5 19. b5 Qa5 20. Rfc1 Nxa3 21. Qg4 Rxc3 22. Bxh6 g6 23. Bxf8 Bxf8 24. h4 Rxc1+ 25. Rxc1 Qd2 26. Rc8 Nxb5 27. h5 Qxd4 28. Qg5 Qd1+ 29. Kh2 Qxh5+ 30. Qxh5 gxh5 31. Rb8 b6 32. Kg3 Kg7 33. Kh4 Bc5 34. f3 Bd4 35. Kxh5 Bxe5 36. Rb7 Bd4 37. g4 a5 38. g5 Nd6 39. Ra7 Ne8 40. g6 Nf6+ 41. Kg5 Be3+ 42. f4 Bxf4+ 43. Kxf4 Kxg6 44. Rb7 a4 45. Rxb6 e5+ 46. Kf3 Kf5 47. Ra6 e4+ 48. Ke2 d4 49. Rxa4 Ke5 50. Ra7 d3+ 51. Kd2 Ke6 52. Ra6+ Kf5 53. Ra7 Kg6 54. Ra6 Kg5 55. Ra5+ Kf4 56. Ra7 Ke5 57. Rxf7 Nd5 58. Rf8 Kd4 59. Rd8 e3+ 60. Ke1 Ke4 61. Re8+ Kd4 62. Rd8 Kc4 63. Rc8+ Kb3 64. Rb8+ Kc2 65. Rc8+ Nc3 66. Rd8 d2+ 67. Kf1 d1Q+ 68. Rxd1 Kxd1 0-1

[Event "Titled Tuesday intern op 7th Mar Early"]
[Site "Chess.com INT"]
[Date "2023.03.07"]
[Round "1"]
[White "Miazhynski, Michael"]
[Black "Aizpurua, Patrick Emilio"]
[Result "0-1"]
[WhiteElo "2146"]
[BlackElo "2304"]
[PlyCount "58"]
[EventDate "2023.03.07"]
[EventType "swiss (blitz)"]
[EventRounds "11"]
[EventCountry "USA"]
[SourceTitle "EXT 2024"]
[Source "ChessBase"]
[SourceDate "2023.10.10"]
[SourceVersion "1"]
[SourceVersionDate "2023.10.10"]
[SourceQuality "1"]

1. e4 Nf6 2. e5 Nd5 3. d4 d6 4. Nf3 dxe5 5. dxe5 c6 6. Be2 Bf5 7. 0-0 e6 8. a3 Be7 9. c4 Nb6 10. Nc3 N8d7 11. Be3 0-0 12. b4 Bg4 13. Bf4 Bxf3 14. Bxf3 Nxc4 15. Qe2 Ncb6 16. Rad1 Nd5 17. Nxd5 cxd5 18. Rd3 Rc8 19. Bg4 Rc4 20. Qd2 a5 21. Rh3 axb4 22. Qd3 g6 23. g3 bxa3 24. Bh6 Re8 25. Bh5 Nxe5 26. Qe2 Bf6 27. Bf4 Re4 28. Qa2 gxh5 29. Rxh5 Ng6 0-1

[Event "Cappelle op 39th"]
[Site "Cappelle la Grande"]
[Date "2023.02.20"]
[Round "3"]
[White "Kovchan, Alexander"]
[Black "Aizpurua, Patrick Emilio"]
[Result "1-0"]
[WhiteElo "2444"]
[BlackElo "2321"]
[PlyCount "79"]
[EventDate "2023.02.18"]
[EventType "swiss"]
[EventRounds "9"]
[EventCountry "FRA"]
[SourceTitle "CBM 213 Extra"]
[Source "ChessBase"]
[SourceDate "2023.05.31"]
[SourceVersion "1"]
[SourceVersionDate "2023.05.31"]
[SourceQuality "1"]

1. e4 e5 2. Nf3 Nc6 3. Bb5 a6 4. Ba4 Nf6 5. 0-0 Be7 6. d3 b5 7. Bb3 d6 8. a3 0-0 9. Nc3 Nb8 10. h3 c5 11. Bg5 Be6 12. Bxf6 Bxf6 13. Nd5 Nd7 14. a4 Nb6 15. axb5 Bxd5 16. Bxd5 Nxd5 17. exd5 axb5 18. Nd2 Qb6 19. Qf3 Qb7 20. g4 Be7 21. Ne4 Rxa1 22. Rxa1 Ra8 23. Rxa8+ Qxa8 24. Kg2 h6 25. c4 b4 26. Qf5 Qd8 27. b3 g6 28. Qf3 Qa5 29. h4 Qa2 30. h5 Kg7 31. g5 Bxg5 32. Nxd6 Qa7 33. hxg6 fxg6 34. Ne4 Bf4 35. Qh3 h5 36. d6 Qf7 37. Qc8 h4 38. Qc7 Kf8 39. d7 h3+ 40. Kh1 1-0

[Event "Titled Tuesday intern op 17th Jan Early"]
[Site "Chess.com INT"]
[Date "2023.01.17"]
[Round "10"]
[White "Aizpurua, Patrick Emilio"]
[Black "Sreyas, Payyappat"]
[Result "1-0"]
[WhiteElo "2321"]
[BlackElo "2101"]
[PlyCount "79"]
[EventDate "2023.01.17"]
[EventType "swiss (blitz)"]
[EventRounds "11"]
[EventCountry "USA"]
[SourceTitle "CBM 212 Extra"]
[Source "ChessBase"]
[SourceDate "2023.03.31"]
[SourceVersion "1"]
[SourceVersionDate "2023.03.31"]
[SourceQuality "1"]

1. d4 Nf6 2. c4 c5 3. e3 e6 4. Be2 cxd4 5. exd4 d5 6. Nf3 Nc6 7. 0-0 dxc4 8. Bxc4 Bd6 9. Bg5 0-0 10. Nc3 Be7 11. Re1 h6 12. Bh4 Nd5 13. Bxe7 Ncxe7 14. Ne5 a6 15. Qf3 b5 16. Bd3 Bb7 17. Qg3 Rc8 18. Rad1 Nf5 19. Bxf5 exf5 20. h4 f4 21. Qh3 Nxc3 22. bxc3 Qd5 23. Rd3 f6 24. Ng6 Rce8 25. Ne7+ Kh8 26. Nxd5 Rxe1+ 27. Kh2 Bxd5 28. Rd2 Rfe8 29. Qf5 Bc4 30. Qxf4 a5 31. f3 a4 32. d5 a3 33. d6 Rd8 34. d7 Be6 35. Qc7 Rxd7 36. Rxd7 Bxd7 37. Qxd7 Re2 38. Qxb5 Rxa2 39. Qb8+ Kh7 40. Qb1+ 1-0

[Event "Titled Tuesday intern op 17th Jan Early"]
[Site "Chess.com INT"]
[Date "2023.01.17"]
[Round "6"]
[White "Narayanan, Sunilduth Lyna"]
[Black "Aizpurua, Patrick Emilio"]
[Result "1-0"]
[WhiteElo "2669"]
[BlackElo "2321"]
[PlyCount "95"]
[EventDate "2023.01.17"]
[EventType "swiss (blitz)"]
[EventRounds "11"]
[EventCountry "USA"]
[SourceTitle "CBM 212 Extra"]
[Source "ChessBase"]
[SourceDate "2023.03.31"]
[SourceVersion "1"]
[SourceVersionDate "2023.03.31"]
[SourceQuality "1"]

1. e4 e5 2. Nf3 Nc6 3. Nc3 Nf6 4. d4 exd4 5. Nd5 Bc5 6. Bg5 d6 7. Bb5 Bd7 8. 0-0 h6 9. Bxf6 gxf6 10. Re1 Rg8 11. Qd2 a6 12. Ba4 b5 13. Bb3 Ne5 14. Kh1 c6 15. Nf4 Qb6 16. Nxe5 fxe5 17. Nd3 Rg6 18. f4 a5 19. a4 bxa4 20. Rxa4 exf4 21. Qxf4 Be6 22. Bxe6 Rxe6 23. Rf1 0-0-0 24. Qxf7 Rde8 25. b4 Bxb4 26. Nxb4 R8e7 27. Qg8+ Re8 28. Rf8 Rxf8 29. Qxf8+ Kd7 30. Qf7+ Re7 31. Qf5+ Kc7 32. Qxa5 Qxa5 33. Rxa5 Rxe4 34. Kg1 c5 35. Nd3 Re2 36. Ra2 c4 37. Nb4 d3 38. Kf1 dxc2 39. Rxc2 Re4 40. Nd5+ Kc6 41. Nc3 Rf4+ 42. Rf2 Rd4 43. Ke2 d5 44. h3 Rd3 45. Rf3 Rd4 46. g3 Kc5 47. g4 h5 48. g5 1-0

[Event "Titled Tuesday intern op 20th Dec Early"]
[Site "Chess.com INT"]
[Date "2022.12.20"]
[Round "1"]
[White "Aizpurua, Patrick Emilio"]
[Black "Danaci, Ege"]
[Result "1-0"]
[WhiteElo "2321"]
[BlackElo "2088"]
[PlyCount "62"]
[EventDate "2022.12.20"]
[EventType "swiss (blitz)"]
[EventRounds "11"]
[EventCountry "USA"]
[SourceTitle "EXT 2024"]
[Source "ChessBase"]
[SourceDate "2023.10.10"]
[SourceVersion "1"]
[SourceVersionDate "2023.10.10"]
[SourceQuality "1"]

1. Nf3 Nf6 2. b3 g6 3. Bb2 Bg7 4. g3 0-0 5. Bg2 d6 6. 0-0 e5 7. d3 Nbd7 8. e4 Nc5 9. h3 a5 10. a4 Bd7 11. Re1 Qc8 12. Kh2 Nh5 13. Nbd2 f5 14. exf5 Bxf5 15. g4 Bxg4 16. hxg4 Qxg4 17. Bh3 Qf4+ 18. Kh1 Qh6 19. Ng1 Nf4 20. Re3 Qh4 21. Qf1 Bh6 22. Ndf3 Qh5 23. Nh2 Nce6 24. Bg4 Qh4 25. Ngf3 Qe7 26. d4 Nd5 27. Qh3 Nxe3 28. Bxe6+ Kg7 29. dxe5 dxe5 30. Bxe5+ Rf6 31. fxe3 Raf8 1-0

[Event "Titled Tuesday intern op 20th Dec Early"]
[Site "Chess.com INT"]
[Date "2022.12.20"]
[Round "6"]
[White "Aizpurua, Patrick Emilio"]
[Black "Mickiewicz, Piotr"]
[Result "1-0"]
[WhiteElo "2321"]
[BlackElo "2272"]
[PlyCount "75"]
[EventDate "2022.12.20"]
[EventType "swiss (blitz)"]
[EventRounds "11"]
[EventCountry "USA"]
[SourceTitle "EXT 2024"]
[Source "ChessBase"]
[SourceDate "2023.10.10"]
[SourceVersion "1"]
[SourceVersionDate "2023.10.10"]
[SourceQuality "1"]

1. d4 Nf6 2. c4 c5 3. d5 d6 4. Nc3 g6 5. e4 Bg7 6. h3 0-0 7. Bd3 e6 8. Nge2 a6 9. 0-0 exd5 10. exd5 b5 11. cxb5 axb5 12. Bxb5 Ba6 13. a4 Bxb5 14. Nxb5 Ne8 15. Nec3 Nd7 16. Rb1 Ne5 17. Bf4 Nc7 18. Re1 f5 19. b3 Na6 20. Qe2 Nb4 21. Rbd1 Qd7 22. Nxd6 Nf7 23. Ncb5 Nxd6 24. Bxd6 Rfe8 25. Qc4 h5 26. Rxe8+ Rxe8 27. Bxc5 Na6 28. d6+ Kh7 29. Bd4 Bh6 30. Bc3 Rc8 31. Qe2 Re8 32. Qxe8 Qxe8 33. d7 Qd8 34. Bf6 Qxf6 35. d8Q Qb2 36. Qd7+ Bg7 37. Nd6 Qxb3 38. Ne8 1-0

[Event "Titled Tuesday intern op 20th Dec Early"]
[Site "Chess.com INT"]
[Date "2022.12.20"]
[Round "4"]
[White "Aizpurua, Patrick Emilio"]
[Black "Ozen, Bahadir"]
[Result "0-1"]
[WhiteElo "2321"]
[BlackElo "2369"]
[PlyCount "88"]
[EventDate "2022.12.20"]
[EventType "swiss (blitz)"]
[EventRounds "11"]
[EventCountry "USA"]
[SourceTitle "EXT 2024"]
[Source "ChessBase"]
[SourceDate "2023.10.10"]
[SourceVersion "1"]
[SourceVersionDate "2023.10.10"]
[SourceQuality "1"]

1. d4 g6 2. c4 Bg7 3. Nc3 d6 4. e4 e5 5. Be3 exd4 6. Bxd4 Nf6 7. Be2 0-0 8. Nf3 Nc6 9. Be3 Re8 10. Nd2 b6 11. Qc2 Ng4 12. Bxg4 Bxg4 13. h3 Bd7 14. 0-0 f5 15. exf5 Bxf5 16. Qc1 Ne5 17. Nce4 Nd3 18. Qc2 Nc5 19. f3 Nxe4 20. fxe4 Bd7 21. Rf3 Qe7 22. Raf1 Rf8 23. b3 Rxf3 24. Rxf3 Re8 25. Qc1 Bc6 26. Qa3 a5 27. Bf2 Bh6 28. Qb2 Bxe4 29. Nxe4 Qxe4 30. Qc3 Bg7 31. Qc1 Qe6 32. Qd1 Rf8 33. Re3 Qf5 34. Rf3 Qe5 35. Re3 Qa1 36. Qxa1 Bxa1 37. Re7 Rf7 38. Re8+ Kg7 39. Kf1 Bd4 40. Re2 c6 41. Ke1 Rxf2 42. Rxf2 Bxf2+ 43. Kxf2 Kf6 44. Ke3 Ke5 0-1

[Event "Titled Tuesday intern op 20th Dec Early"]
[Site "Chess.com INT"]
[Date "2022.12.20"]
[Round "3"]
[White "Degenbaev, Aziz"]
[Black "Aizpurua, Patrick Emilio"]
[Result "0-1"]
[WhiteElo "2139"]
[BlackElo "2321"]
[PlyCount "38"]
[EventDate "2022.12.20"]
[EventType "swiss (blitz)"]
[EventRounds "11"]
[EventCountry "USA"]
[SourceTitle "EXT 2024"]
[Source "ChessBase"]
[SourceDate "2023.10.10"]
[SourceVersion "1"]
[SourceVersionDate "2023.10.10"]
[SourceQuality "1"]

1. e4 c5 2. Nf3 e6 3. g3 Nc6 4. Bg2 d6 5. 0-0 g6 6. c3 Bg7 7. d4 cxd4 8. cxd4 d5 9. exd5 exd5 10. Nc3 Nge7 11. Bf4 Bg4 12. Nb5 0-0 13. h3 Bxf3 14. Qxf3 a6 15. Nc3 Nxd4 16. Qd3 Ne6 17. Nxd5 Nxd5 18. Qxd5 Nxf4 19. Qxd8 Ne2+ 0-1

[Event "Titled Tuesday intern op 20th Dec Early"]
[Site "Chess.com INT"]
[Date "2022.12.20"]
[Round "9"]
[White "Harsh, Suresh"]
[Black "Aizpurua, Patrick Emilio"]
[Result "0-1"]
[WhiteElo "2280"]
[BlackElo "2321"]
[PlyCount "78"]
[EventDate "2022.12.20"]
[EventType "swiss (blitz)"]
[EventRounds "11"]
[EventCountry "USA"]
[SourceTitle "EXT 2024"]
[Source "ChessBase"]
[SourceDate "2023.10.10"]
[SourceVersion "1"]
[SourceVersionDate "2023.10.10"]
[SourceQuality "1"]

1. e4 c5 2. Nc3 e6 3. Nge2 Nc6 4. g3 g6 5. Bg2 Bg7 6. 0-0 Nge7 7. d3 0-0 8. Be3 d6 9. d4 cxd4 10. Nxd4 a6 11. Qd2 Ne5 12. Qe2 Qc7 13. Rad1 Bd7 14. Bf4 Rfc8 15. Nf3 N7c6 16. Rd2 b5 17. Nxe5 Nxe5 18. Bxe5 Bxe5 19. Rfd1 b4 20. Nb1 Bb5 21. Qe3 Bxb2 22. Rxd6 Qxc2 23. R6d2 Qa4 24. e5 Bc1 25. Bxa8 Qxd1+ 26. Rxd1 Bxe3 27. Bb7 Rc1 28. Rxc1 Bxc1 29. Be4 Bc4 30. f4 Be3+ 31. Kg2 Bxa2 32. Kf3 Bc1 33. Ke2 Bc4+ 34. Kd1 Be3 35. Kc2 a5 36. Bc6 Bg1 37. Nd2 Be2 38. h4 Bf2 39. Ne4 Be1 0-1

[Event "Titled Tuesday intern op 20th Dec Early"]
[Site "Chess.com INT"]
[Date "2022.12.20"]
[Round "7"]
[White "Ovetchkin, Roman"]
[Black "Aizpurua, Patrick Emilio"]
[Result "1-0"]
[WhiteElo "2518"]
[BlackElo "2321"]
[PlyCount "103"]
[EventDate "2022.12.20"]
[EventType "swiss (blitz)"]
[EventRounds "11"]
[EventCountry "USA"]
[SourceTitle "EXT 2024"]
[Source "ChessBase"]
[SourceDate "2023.10.10"]
[SourceVersion "1"]
[SourceVersionDate "2023.10.10"]
[SourceQuality "1"]

1. d4 d5 2. c4 c6 3. Nf3 Nf6 4. Qc2 g6 5. Bf4 Bg7 6. e3 0-0 7. Nc3 Na6 8. Qb3 dxc4 9. Bxc4 Nc7 10. Ne5 Ncd5 11. Bg3 Qb6 12. 0-0 Qxb3 13. Bxb3 Be6 14. h3 Rfc8 15. Rfc1 Nxc3 16. Rxc3 Ne4 17. Bxe6 Nxc3 18. Bxf7+ Kf8 19. Bc4 Nd5 20. Nd7+ Ke8 21. Nc5 b6 22. Ne6 Bf6 23. e4 Nb4 24. a3 Nc2 25. Rd1 b5 26. Bb3 Nxd4 27. Nxd4 Bxd4 28. Rxd4 Rd8 29. Be5 Rxd4 30. Bxd4 Rd8 31. Be3 a5 32. Kf1 a4 33. Bc2 e5 34. Ke2 Rd7 35. Bc5 Kf7 36. Bd3 Kf6 37. h4 h6 38. g3 g5 39. h5 Rd8 40. Ke3 Rd7 41. Be2 Rd8 42. Bg4 Re8 43. f4 Rd8 44. Bb6 gxf4+ 45. gxf4 Rg8 46. Kf3 exf4 47. Kxf4 Ke7 48. e5 Rf8+ 49. Bf5 Rg8 50. Bc5+ Kd8 51. e6 Rg2 52. e7+ 1-0

[Event "Titled Tuesday intern op 13th Dec Early"]
[Site "Chess.com INT"]
[Date "2022.12.13"]
[Round "2"]
[White "Aizpurua, Patrick Emilio"]
[Black "Daneshvar, Bardiya"]
[Result "0-1"]
[WhiteElo "2321"]
[BlackElo "2500"]
[PlyCount "52"]
[EventDate "2022.12.13"]
[EventType "swiss (blitz)"]
[EventRounds "11"]
[EventCountry "USA"]
[SourceTitle "EXT 2024"]
[Source "ChessBase"]
[SourceDate "2023.10.10"]
[SourceVersion "1"]
[SourceVersionDate "2023.10.10"]
[SourceQuality "1"]

1. Nf3 g6 2. d4 Nf6 3. g3 b6 4. Bg2 Bb7 5. 0-0 Bg7 6. c4 0-0 7. Nc3 Ne4 8. Bd2 Nxd2 9. Qxd2 c5 10. d5 d6 11. h4 h6 12. Qd3 Bc8 13. Nd2 Nd7 14. e4 Ne5 15. Qe2 h5 16. f3 a6 17. Kh2 b5 18. cxb5 axb5 19. Nxb5 Qa5 20. a4 Qb4 21. Bh3 Rxa4 22. Bxc8 Rxa1 23. Rxa1 Rxc8 24. Kg2 Qxb2 25. Ra7 c4 26. Rxe7 Qxb5 0-1

[Event "Titled Tuesday intern op 13th Dec Early"]
[Site "Chess.com INT"]
[Date "2022.12.13"]
[Round "4"]
[White "Aizpurua, Patrick Emilio"]
[Black "Moskalenko, Alexander"]
[Result "0-1"]
[WhiteElo "2321"]
[BlackElo "2482"]
[PlyCount "82"]
[EventDate "2022.12.13"]
[EventType "swiss (blitz)"]
[EventRounds "11"]
[EventCountry "USA"]
[SourceTitle "EXT 2024"]
[Source "ChessBase"]
[SourceDate "2023.10.10"]
[SourceVersion "1"]
[SourceVersionDate "2023.10.10"]
[SourceQuality "1"]

1. d4 Nf6 2. c4 b6 3. Nf3 Bb7 4. Nc3 e6 5. g3 Bb4 6. Bg2 Bxc3+ 7. bxc3 0-0 8. 0-0 d6 9. Bg5 Nbd7 10. Re1 h6 11. Bf4 Qe7 12. a4 a5 13. Qb3 e5 14. Bc1 Be4 15. Ba3 Rfe8 16. Rad1 Qe6 17. Bf1 Qf5 18. Nh4 Qh7 19. Rd2 g5 20. Ng2 Re7 21. c5 bxc5 22. dxc5 Rb8 23. Qa2 Nxc5 24. Bxc5 dxc5 25. Qc4 Bxg2 26. Bxg2 Rb1 27. Rdd1 Rxd1 28. Rxd1 Rd7 29. Rxd7 Qb1+ 30. Bf1 Nxd7 31. Qd5 Nb6 32. Qd8+ Kg7 33. Qxc7 Nc4 34. e4 Qb6 35. Qe7 Qd6 36. Qa7 Nd2 37. Be2 Nxe4 38. Qxa5 Qd2 39. Qc7 Qe1+ 40. Kg2 Qxf2+ 41. Kh3 g4+ 0-1

[Event "Titled Tuesday intern op 13th Dec Early"]
[Site "Chess.com INT"]
[Date "2022.12.13"]
[Round "1"]
[White "Aizpurua, Patrick Emilio"]
[Black "Rian, Kapriaga"]
[Result "1-0"]
[WhiteElo "2321"]
[BlackElo "2089"]
[PlyCount "79"]
[EventDate "2022.12.13"]
[EventType "swiss (blitz)"]
[EventRounds "11"]
[EventCountry "USA"]
[SourceTitle "EXT 2024"]
[Source "ChessBase"]
[SourceDate "2023.10.10"]
[SourceVersion "1"]
[SourceVersionDate "2023.10.10"]
[SourceQuality "1"]

1. d4 f5 2. Nc3 Nf6 3. Bg5 d5 4. Bxf6 exf6 5. e3 c6 6. Bd3 Bd6 7. Nge2 0-0 8. Qd2 b5 9. h4 b4 10. Nd1 Re8 11. g3 a5 12. Nf4 Qc7 13. Kf1 g6 14. Kg2 Ba6 15. c3 Bxd3 16. Qxd3 Nd7 17. Rc1 Bxf4 18. gxf4 Qd6 19. c4 c5 20. dxc5 Nxc5 21. Qxd5+ Qxd5+ 22. cxd5 Nd3 23. Rc4 Re4 24. Rd4 Rd8 25. Rxd3 Rd6 26. b3 a4 27. Nb2 a3 28. Nc4 Rd8 29. Rhd1 Kf7 30. Rd4 Re7 31. d6 Rb7 32. Na5 Rb6 33. Rc1 Rd7 34. Rc7 Ke6 35. Rxd7 Kxd7 36. Nc4 Rc6 37. Rd5 Rc8 38. Nb6+ Ke6 39. Nxc8 Kxd5 40. d7 1-0

[Event "Titled Tuesday intern op 22nd Nov Early"]
[Site "Chess.com INT"]
[Date "2022.11.22"]
[Round "7"]
[White "Aizpurua, Patrick Emilio"]
[Black "Ansh, M Shah"]
[Result "1/2-1/2"]
[WhiteElo "2311"]
[BlackElo "2184"]
[PlyCount "77"]
[EventDate "2022.11.22"]
[EventType "swiss (blitz)"]
[EventRounds "11"]
[EventCountry "USA"]
[SourceTitle "CBM 211 Extra"]
[Source "ChessBase"]
[SourceDate "2023.01.31"]
[SourceVersion "1"]
[SourceVersionDate "2023.01.31"]
[SourceQuality "1"]

1. d4 Nf6 2. Nf3 e6 3. c4 d5 4. g3 Be7 5. Bg2 0-0 6. 0-0 c6 7. Qc2 Nbd7 8. b3 b6 9. Rd1 Bb7 10. Nc3 Rc8 11. e4 dxe4 12. Nxe4 Nxe4 13. Qxe4 Nf6 14. Qe2 c5 15. dxc5 Qc7 16. cxb6 Qxb6 17. Be3 Qa5 18. Qd2 Bb4 19. Qe2 Ne4 20. Rd7 Bc6 21. Rxa7 Qh5 22. Nd4 Qxe2 23. Nxe2 Rfd8 24. Nd4 Ba8 25. Rxa8 Rxa8 26. Bxe4 Bc3 27. Bxa8 Bxa1 28. Nc2 Rxa8 29. Nxa1 Rxa2 30. Bd4 Rd2 31. Bc3 Rd3 32. Bb2 Rd2 33. Bc3 Rd3 34. Be5 f6 35. Bb2 Rd2 36. Bc3 Rd3 37. Bb2 Rd2 38. Bc3 Rd3 39. Bb2 1/2-1/2